The modern soap and detergent industry

Spremljeno u:
Bibliografski detalji
Glavni autor: Martin, Geoffrey (autor)
Format: Knjiga
Jezik:engleski
Izdano: Londres Technical 1950
Izdanje:3a. ed
Teme:
Oznake: Dodaj oznaku
Bez oznaka, Budi prvi tko označuje ovaj zapis!

MARC

LEADER 00000nam a2200000 a 4500
001 UCU7319
003 CL-VaPUC
008 960628e19500000UK |||||||||||||||||eng|d
082 0 4 |a 668.12  |b MAR  |2 21 
100 |a Martin, Geoffrey  |e autor  |9 366094 
245 1 4 |a The modern soap and detergent industry 
250 |a 3a. ed 
300 |a 2 v 
942 |c BK 
945 |d 19960628 00:00:00  |a paguirre 
260 |a Londres  |b Technical  |c 1950 
500 |a v.1: Theory and practice of soap making 
500 |a v.2: The manufacture of special soaps and detergent compositions 
650 0 |a Tecnología química   |9 263002 
650 7 |a JABONES  |2 CL-VaPUC  |9 365645 
650 7 |a DETERGENTES  |2 CL-VaPUC  |9 263948 
650 7 |a PRODUCTOS QUIMICOS PARA EL HOGAR  |2 CL-VaPUC  |9 365585 
650 7 |a LAVADO  |2 CL-VaPUC  |9 366095 
583 |a last modification  |c 19960628 00:00:00  |k Rodrigo Vera 
999 |c 249982  |d 249980 
952 |0 0  |1 0  |4 0  |6 668_120000000000000_MAR_1950  |7 0  |8 A  |9 267603  |a BIBING  |b BIBING  |d 2019-11-19  |h v.1  |i 1698850  |o 668.12 MAR 1950  |p 1698850  |r 2025-01-20  |w 2019-11-19  |y BK  |k EIQ 
952 |0 0  |1 0  |4 0  |6 668_120000000000000_MAR_1950  |7 0  |8 A  |9 267604  |a BIBING  |b BIBING  |d 2019-11-19  |h v.2  |i 1698486  |o 668.12 MAR 1950  |p 1698486  |r 2025-01-20  |w 2019-11-19  |y BK  |k EIQ